The headman and I : ambiguity and ambivalence in the fieldworking experience
Αποθηκεύτηκε σε:
| Κύριος συγγραφέας: | |
|---|---|
| Μορφή: | Βιβλίο |
| Γλώσσα: | English |
| Δημοσίευση: |
Austin :
University of Texas,
c1978
|
| Σειρά: | Texas Pan American series
|
| Θέματα: | |
| Ετικέτες: |
Προσθήκη ετικέτας
Δεν υπάρχουν, Καταχωρήστε ετικέτα πρώτοι!
|
MARC
| LEADER | 00000cam a2200000 i 4500 | ||
|---|---|---|---|
| 001 | 1/86487 | ||
| 008 | 970506s1978 eng d | ||
| 020 | |a 0-292-73007-1 | ||
| 035 | |l 10006509 | ||
| 040 | |a GR-MY-UA |b gre |e aacr | ||
| 041 | 0 | |a eng | |
| 082 | 0 | |a 306.072 | |
| 100 | 1 | |a Dumont, Jean-Paul, |d 1940- | |
| 245 | 1 | 4 | |a The headman and I : |b ambiguity and ambivalence in the fieldworking experience / |c Jean-Paul Dumont |
| 260 | |a Austin : |b University of Texas, |c c1978 | ||
| 300 | |a xvi, 211 σ.; |c 24 εκ. | ||
| 490 | 1 | |a Texas Pan American series | |
| 504 | |a Περιέχει βιβλιογραφία (σ. [201]-206) και ευρετήριο | ||
| 600 | 1 | 0 | |a Dumont, Jean-Paul, |d 1940- |
| 650 | 0 | 0 | |a Panare Indians. |
| 650 | 0 | 0 | |a Ethnology |x Fieldwork. |
| 650 | 0 | 0 | |a Anthropologists |z France |x Biography. |
| 650 | 0 | 0 | |a Anthropologists |z Venezuela |x Biography. |
| 830 | 0 | |a Texas Pan American series | |
| 852 | |a INST |b LESVOS |e 19970506 |h 306.072 DUM |p 005100011403 |q 005100011403 |t BK |y 0 | ||
| 852 | |a INST |b LESVOS |e 20060717 |h 306.072 DUM |p 005100036328 |q 005100036328 |t BK |y 0 | ||
| 901 | |a BIBL1-2006-2 | ||
| 909 | |a Λ |b 009487 | ||
| 909 | |a Λ |b 128971 | ||